000 01069nam a2200265Ia 4500
003 OSt
005 20220923224524.0
006 a|||||r|||| 00| 0
007 ta
008 220922b |||||||| |||| 00| 0 hin d
020 _c280
024 _a238,455
037 _b406, 23/03/2009, Swaraj Prakashan
_cTextual
040 _aARTS
_cARTS
_bhin
041 _2hin
_ahin
082 _aO157,3M76,VI, 152P7
100 _aचट्टोपाध्याय, शरत्चन्द्र; शर्मा, ओमप्रकाश, संपा.
245 0 _aविप्रदास
246 _aVipradāsa
260 _aनयी दिल्ली
_b किताबघर प्रकाशन
_c2007
300 _a221पृ.
_ccm.
650 _aबंगाली साहित्य
_9156264
942 _hO157,3M76,VI, 152P7
_cTEXL
_2CC
999 _c371956
_d371956